[Event "Bogota Torneo Distrital"]
[Site "Bogota"]
[Date "2010.04.02"]
[Round "4"]
[White "Botero Miranda, Carlos Alberto"]
[Black "Perez, Laura"]
[Result "0-1"]
[WhiteElo "1605"]
[BlackElo "1873"]
[PlyCount "52"]
[EventDate "2010.03.31"]
[EventType "swiss"]
[EventRounds "7"]
[EventCountry "COL"]
[SourceTitle "EXT 2024"]
[Source "ChessBase"]
[SourceDate "2023.10.10"]
[SourceVersion "1"]
[SourceVersionDate "2023.10.10"]
[SourceQuality "1"]

1. e4 c5 2. Nf3 d6 3. Bc4 Nf6 4. d3 a6 5. a3 e6 6. Nc3 b5 7. Ba2 Bb7 8. 0-0 Nbd7 9. Ne2 Be7 10. h3 0-0 11. Bd2 Qc7 12. Ng3 d5 13. exd5 Nxd5 14. c4 bxc4 15. Bxc4 Nf4 16. Rc1 Rfd8 17. Bc3 Nf6 18. Re1 Rac8 19. b3 N6d5 20. Be5 Qb6 21. Ne4 Ng6 22. Bb2 Rd7 23. Nh2 Rcd8 24. Qf3 Ndf4 25. Qe3 Nxd3 26. Bxd3 Rxd3 0-1